LEADER 01617nam a2200337 u 4500 001 000000035983 003 CaOOAMICUS 005 20070226112640.0 008 980317s1997 it ad u000 u ita u 020 $a8834304950 035 $a10786073 040 $aEFR$bita 245 00$aSulle tracce degli Umiliati /$ca cura di Maria Pia Alberzoni, Annamaria Ambrosioni, Alfredo Lucioni. 260 $aMilano :$bVita e pensiero,$c1997. 300 $axix, 647 p. :$bill., diagr. ;$c22 cm 490 1 $aBibliotheca erudita ;$v13 504 $aIncludes bibliographical references and index. 650 0$aHumiliati.$2//eng$0(OLS)http://pul/subject/7595 650 0$aMonasticism and religious orders$zItaly$zLombardy$xHistory.$2//eng$0(OLS)http://pul/subject/17769 651 0$aLombardy (Italy)$xHistory$yTo 1535.$2//eng$0(OLS)http://pul/subject/17770 651 0$aItaly$xChurch history$y476-1400.$2//eng$0(OLS)http://pul/subject/584 700 1 $aAlberzoni, Maria Pia,$d1952-$0(OLS)http://pul/name/3998 700 1 $aLucioni, Alfredo.$0(OLS)http://pul/name/3999 700 1 $aAmbrosioni, Annamaria,$d1944-2003.$0(OLS)http://pul/name/3997 830 0$aBibliotheca erudita ;$v13.$0(OLS)http://pul/title/2723 850 $aPUL 852 $aPUL$W1$xDP1 Cons. Gen., Altre Classi 1$y22$m388 N 13$j49324$nBK-PRI$b $qStampati$B49324$CPULBib$Z2$F49324 $H77940 $81 941 1 $a8 996 $6020$a8834304950$9(OLS)http://pul/number/45173 996 $6245$aSulle tracce degli Umiliati$9(OLS)http://pul/title/49315 996 $6260$aMilano :$bVita e pensiero$9(OLS)http://pul/publisher/48016 LEADER 01277nam a2200265 u 4500 001 000000054318 003 CaOOAMICUS 005 20070226115647.0 008 001207s1951 it u000 u lat u 035 $a10863345 040 $aPUL(R)$bita 041 0 $alat$aita$afre$aspa 111 2 $aCongresso tomistico internazionale$n(3 :$d1950).$0(OLS)http://pul/name/38541 245 10$aActa III Congressus Thomistici Internationalis :$b(11-17 Septembris 1950) 260 $a[Torino] :$bMarietti,$cc1951. 300 $a298 p. ;$c24 cm 490 1 $aDoctor communis acta et commentationes pontificiae academiae romanae S. Thomae Aquinatis ;$v2-3 600 04$aThomas Aquinas,$cs.,$dc. 1225-1274$xCongressi.$0(OLS)http://pul/subject/2148 830 0$aDoctor communis acta et commentationes pontificiae academiae romanae S. Thomae Aquinatis ;$v2-3.$0(OLS)http://pul/title/15674 850 $aPUL 852 $aPUL$W1$xDP1 Fondo Giannini$y60$m1558 D 25$j71576$nBK-PRI$b $qFondi$B71576$CPULBib$Z2$F71576 $H $81 941 1 $a1 961 $aINV: Fondo Giannini 996 $6245$aActa III Congressus Thomistici Internationalis :$b(11-17 Septembris 1950)$9(OLS)http://pul/title/72846 996 $6260$a[Torino] :$bMarietti$9(OLS)http://pul/publisher/48068